000 00382nam a2200145Ia 4500
008 210210b1992 xxu||||| |||| 00| 0 eng d
082 _a346.06602 VARC
100 _aVARMA (M M) and AGARWAL (R K).
245 _aCompany law
260 _aDelhi
_bForward book depot
_c1992
300 _a231
650 _aCompany law questions and answers
690 _aCompany Law
906 _a046901
999 _c96130
_d96130